[Event "Junior Online 4NCL Division 4"]
[Site "online"]
[Date "2020.10.01"]
[Round "4.163"]
[White "Scheffel, Oliver"]
[Black "Seet, Joshua"]
[Result "0-1"]
[WhiteElo "812"]
[BlackElo "1330"]
[PlyCount "108"]
[EventDate "2020.10.01"]
[WhiteTeam "Barnet Knights G"]
[BlackTeam "Woking Warriors"]

1. e4 c6 2. Bc4 d5 3. exd5 cxd5 4. Be2 Nf6 5. Nf3 Bf5 6. Bb5+ Nc6 7. O-O e6 8.
Ne5 Qc7 9. Nxc6 bxc6 10. Bd3 Bxd3 11. cxd3 Bd6 12. g3 O-O 13. Qf3 Rab8 14. d4
c5 15. dxc5 Bxc5 16. Nc3 d4 17. Ne4 Nxe4 18. Qxe4 Qb7 19. Qxb7 Rxb7 20. d3 Rfb8
21. b3 Bb4 22. Bf4 Rc8 23. Be5 Bc3 24. Rac1 Rd8 25. Rb1 f6 26. Bf4 e5 27. Bc1
Rb6 28. Bb2 Rc8 29. Bxc3 Rxc3 30. Rfd1 Ra6 31. a4 Rb6 32. Rb2 Rcxb3 33. Rxb3
Rxb3 34. Rc1 Rxd3 35. Rc7 Rd1+ 36. Kg2 d3 37. Rxa7 d2 38. Ra8+ Kf7 39. Ra6 Rg1+
40. Kxg1 d1=Q+ 41. Kg2 Qd5+ 42. Kh3 Qd7+ 43. Kg2 Qb7+ 44. Kg1 Qxa6 45. h4 Qxa4
46. Kg2 Kg6 47. Kh2 Qc2 48. Kg2 Kf5 49. Kg1 Kg4 50. Kg2 Qe4+ 51. Kf1 Kf3 52.
Kg1 Qe1+ 53. Kh2 Qxf2+ 54. Kh3 Qxg3# 0-1

[Event "Junior Online 4NCL Division 4"]
[Site "online"]
[Date "2020.10.01"]
[Round "4.164"]
[White "Wicks, Alexander"]
[Black "Lawrence, Harrison"]
[Result "1-0"]
[WhiteElo "1345"]
[BlackElo "700"]
[PlyCount "81"]
[EventDate "2020.10.01"]
[WhiteTeam "Woking Warriors"]
[BlackTeam "Barnet Knights G"]

1. e4 e5 2. Nf3 Nc6 3. Bb5 Nf6 4. O-O a6 5. Bxc6 dxc6 6. Nxe5 Nxe4 7. Re1 Bc5
8. d4 Bxd4 9. Rxe4 Bxe5 10. Qxd8+ Kxd8 11. Rxe5 Bg4 12. Rg5 Bd1 13. c3 Re8 14.
Be3 Re7 15. Rxg7 Kd7 16. Na3 Rae8 17. Rxd1+ Kc8 18. Kf1 c5 19. Bxc5 Re2 20. Be3
Rxb2 21. Rd2 Rb1+ 22. Ke2 Rg1 23. g3 b5 24. Rxf7 Rg2 25. Rxh7 Re4 26. Rh8+ Kb7
27. h4 b4 28. cxb4 Rxb4 29. Bd4 Rb6 30. Bxb6 Kxb6 31. Nc4+ Kb5 32. Ne5 Rg1 33.
Rc8 Kb4 34. Rxc7 Ka3 35. Rc3+ Kb4 36. Rb3+ Kc5 37. Rc2+ Kd4 38. Nf3+ Ke4 39.
Nxg1 Kf5 40. Rc5+ Kg4 41. Rb4# 1-0

[Event "Junior Online 4NCL Division 4"]
[Site "online"]
[Date "2020.10.01"]
[Round "4.165"]
[White "Kothari, Jai"]
[Black "Ehrlich, Ben"]
[Result "1-0"]
[WhiteElo "1690"]
[BlackElo "887"]
[PlyCount "67"]
[EventDate "2020.10.01"]
[WhiteTeam "Woking Warriors"]
[BlackTeam "Barnet Knights G"]

1. e4 e5 2. Nf3 Nc6 3. Bc4 Nf6 4. Ng5 d5 5. exd5 Na5 6. Bb5+ c6 7. dxc6 bxc6 8.
Ba4 h6 9. Nf3 e4 10. Qe2 Bg4 11. h3 Bh5 12. Nc3 Qe7 13. g4 exf3 14. Qxe7+ Bxe7
15. gxh5 Nxh5 16. a3 O-O 17. d3 Rfe8 18. Be3 Bg5 19. Ne4 Bxe3 20. fxe3 Rab8 21.
O-O-O Rbd8 22. b4 Nb7 23. Bxc6 Re7 24. Bxb7 Rxb7 25. Nc5 Re7 26. e4 f2 27. Rhf1
Ng3 28. Rxf2 Rde8 29. Rg1 Nh5 30. d4 Nf6 31. Rxf6 Kf8 32. Rf2 Ra8 33. Rfg2 a5
34. Rxg7 1-0

[Event "Junior Online 4NCL Division 4"]
[Site "online"]
[Date "2020.10.01"]
[Round "4.166"]
[White "Marshall, Wilfred"]
[Black "Phillips, Freddie"]
[Result "1-0"]
[WhiteElo "887"]
[BlackElo "1435"]
[PlyCount "71"]
[EventDate "2020.10.01"]
[WhiteTeam "Barnet Knights G"]
[BlackTeam "Woking Warriors"]

1. e4 e5 2. Nf3 Nc6 3. d4 d6 4. d5 Nd4 5. Nxd4 exd4 6. Qxd4 c5 7. Bb5+ Bd7 8.
Qa4 Nf6 9. Bxd7+ Nxd7 10. Nc3 Be7 11. Nb5 a6 12. Nc3 b5 13. Qa3 Qb6 14. Qb3 O-O
15. Be3 Rfb8 16. Ne2 a5 17. Qd3 Ne5 18. Qd2 Nc4 19. Qd3 Nxb2 20. Qb3 Nc4 21.
Bd2 a4 22. Qe3 b4 23. Qf3 Nxd2 24. Kxd2 b3 25. cxb3 axb3 26. a3 b2 27. Rab1
Rxa3 28. Qxa3 Qb4+ 29. Qxb4 Rxb4 30. Kc3 Bf6+ 31. Kc2 c4 32. Rhd1 c3 33. Nxc3
Rc4 34. Rd3 Rb4 35. Rxb2 Rc4 36. Rb8+ 1-0

[Event "Junior Online 4NCL Division 4"]
[Site "online"]
[Date "2020.10.01"]
[Round "4.167"]
[White "Seet, Joshua"]
[Black "Scheffel, Oliver"]
[Result "1/2-1/2"]
[WhiteElo "1330"]
[BlackElo "812"]
[PlyCount "132"]
[EventDate "2020.10.01"]
[WhiteTeam "Woking Warriors"]
[BlackTeam "Barnet Knights G"]

1. d4 d5 2. c4 c6 3. Nc3 Nf6 4. cxd5 cxd5 5. Bf4 Bf5 6. Nf3 Nc6 7. e3 e6 8. Bd3
Bxd3 9. Qxd3 Nb4 10. Qb5+ Nc6 11. Ne5 Qb6 12. Qxb6 axb6 13. Nxc6 bxc6 14. O-O
Be7 15. a4 O-O 16. Bc7 b5 17. axb5 Rxa1 18. Rxa1 cxb5 19. Nxb5 Ne4 20. Nc3 Nxc3
21. bxc3 Rc8 22. h3 Rxc7 23. Ra8+ Bf8 24. g3 Rxc3 25. Kg2 g6 26. Kf3 Kg7 27.
Kf4 Bd6+ 28. Kf3 Kh6 29. g4 f5 30. gxf5 exf5 31. Ra1 Bb4 32. Ra4 Rc4 33. Kf4
Bc3 34. Ra2 Be1 35. Ke5 Rc3 36. Kxd5 Rd3 37. Re2 Ba5 38. Kc4 Rd1 39. d5 Rc1+
40. Kd4 Rc8 41. e4 fxe4 42. Rxe4 Kg5 43. Rg4+ Kh5 44. Rg3 Bb6+ 45. Ke5 Bc7+ 46.
d6 Re8+ 47. Kd5 Rd8 48. Kc6 Bxd6 49. Rd3 Kh4 50. Kb5 Rb8+ 51. Kc6 Be5 52. Re3
Bf4 53. Re4 Kg5 54. h4+ Kf5 55. Rd4 Rc8+ 56. Kd7 Rc7+ 57. Ke8 Rc8+ 58. Kd7 Rc2
59. Rd5+ Ke4 60. Rd1 Rd2+ 61. Rxd2 Bxd2 62. Ke7 h5 63. Kf6 Kf3 64. Kxg6 Kxf2
65. Kxh5 Kg3 66. Kg6 Kxh4 1/2-1/2

[Event "Junior Online 4NCL Division 4"]
[Site "online"]
[Date "2020.10.01"]
[Round "4.168"]
[White "Lawrence, Harrison"]
[Black "Wicks, Alexander"]
[Result "0-1"]
[WhiteElo "700"]
[BlackElo "1345"]
[PlyCount "44"]
[EventDate "2020.10.01"]
[WhiteTeam "Barnet Knights G"]
[BlackTeam "Woking Warriors"]

1. e4 d5 2. exd5 Nf6 3. Nf3 Nxd5 4. Bb5+ c6 5. Bc4 b5 6. Bxd5 cxd5 7. Ne5 Qd6
8. f4 Nd7 9. Nxd7 Bxd7 10. Nc3 Qxf4 11. Nxd5 Qe4+ 12. Ne3 Bh3 13. gxh3 Qxh1+
14. Ke2 Qxh2+ 15. Kd3 Rd8+ 16. Kc3 Qc7+ 17. Kb4 a5+ 18. Kxb5 Rb8+ 19. Ka4 Qf4+
20. Kxa5 Qe5+ 21. Ka4 Qd4+ 22. Ka3 Qa7# 0-1

[Event "Junior Online 4NCL Division 4"]
[Site "online"]
[Date "2020.10.01"]
[Round "4.171"]
[White "Sohi, Aarav"]
[Black "Carter, Olvier"]
[Result "1-0"]
[WhiteElo "1150"]
[BlackElo "1000"]
[PlyCount "41"]
[EventDate "2020.10.01"]
[WhiteTeam "Rovers Athletic"]
[BlackTeam "Surrey Kings 4"]

1. d4 d5 2. c4 dxc4 3. e4 Nc6 4. Nf3 Nf6 5. Nc3 Bg4 6. Bxc4 Nxd4 7. Qa4+ c6 8.
Nxd4 Rc8 9. Bb3 e6 10. O-O Be2 11. Ncxe2 Ng4 12. Qxa7 Qd6 13. Bf4 Qe7 14. h3
Qh4 15. hxg4 h5 16. Bg3 Qxg4 17. Qxb7 e5 18. Qxf7+ Kd8 19. Be6 h4 20. Bxg4 Rb8
21. Qd7# 1-0

[Event "Junior Online 4NCL Division 4"]
[Site "online"]
[Date "2020.10.01"]
[Round "4.172"]
[White "Chun, Louis"]
[Black "Stanley, Isaac"]
[Result "0-1"]
[WhiteElo "1000"]
[BlackElo "1210"]
[PlyCount "62"]
[EventDate "2020.10.01"]
[WhiteTeam "Surrey Kings 4"]
[BlackTeam "Rovers Athletic"]

1. e4 e6 2. d4 d5 3. exd5 exd5 4. Nc3 c5 5. dxc5 Bxc5 6. Nxd5 Ne7 7. Nxe7 Qxd1+
8. Kxd1 Bxe7 9. Be2 O-O 10. Bf3 Rd8+ 11. Bd2 Bg5 12. Kc1 Bxd2+ 13. Kd1 Be3+ 14.
Ke2 Bd4 15. Nh3 Bxb2 16. Rab1 Bc3 17. Rb3 Rd2+ 18. Ke3 Rxc2 19. Kd3 Bf5+ 20.
Kc4 Be6+ 21. Kd3 Bxb3 22. Bxb7 Nc6 23. Bxa8 Nb4+ 24. Ke4 Re2+ 25. Kf3 Re8 26.
Bb7 Rb8 27. Ke3 Rxb7 28. Ke4 Bc2+ 29. Ke3 Nd5+ 30. Ke2 Re7+ 31. Kf1 Bd3+ 0-1

[Event "Junior Online 4NCL Division 4"]
[Site "online"]
[Date "2020.10.01"]
[Round "4.173"]
[White "Evans, Dylan"]
[Black "Saraty, Thomas"]
[Result "1-0"]
[WhiteElo "1090"]
[BlackElo "962"]
[PlyCount "31"]
[EventDate "2020.10.01"]
[WhiteTeam "Rovers Athletic"]
[BlackTeam "Surrey Kings 4"]

1. d4 d5 2. c4 dxc4 3. Nc3 Be6 4. Nf3 Nc6 5. d5 Bxd5 6. Nxd5 e6 7. Nc3 g6 8.
Qxd8+ Kxd8 9. Bg5+ Be7 10. Bxe7+ Ncxe7 11. O-O-O+ Kc8 12. Ne5 Nc6 13. Nxf7 Nh6
14. Nxh8 Nf7 15. Nxf7 Ne5 16. Rd8# 1-0

[Event "Junior Online 4NCL Division 4"]
[Site "online"]
[Date "2020.10.01"]
[Round "4.175"]
[White "Carter, Olvier"]
[Black "Sohi, Aarav"]
[Result "0-1"]
[WhiteElo "1000"]
[BlackElo "1150"]
[PlyCount "50"]
[EventDate "2020.10.01"]
[WhiteTeam "Surrey Kings 4"]
[BlackTeam "Rovers Athletic"]

1. e4 c6 2. Bc4 d5 3. exd5 cxd5 4. Bb5+ Nc6 5. Bxc6+ bxc6 6. Qh5 Nf6 7. Qe5 Qb6
8. Nf3 Ng4 9. O-O Nxe5 10. Nxe5 Bf5 11. Re1 Bxc2 12. Nc3 d4 13. Na4 Bxa4 14. b3
Bb5 15. Ba3 c5 16. Re4 f6 17. Nf3 e5 18. Rae1 Qa6 19. Nxe5 f5 20. Rf4 g6 21.
Nxg6+ Kd8 22. Re7 Bxe7 23. Nxh8 Qxa3 24. Re4 Qc1+ 25. Re1 Qxe1# 0-1

[Event "Junior Online 4NCL Division 4"]
[Site "online"]
[Date "2020.10.01"]
[Round "4.176"]
[White "Stanley, Isaac"]
[Black "Chun, Louis"]
[Result "1-0"]
[WhiteElo "1210"]
[BlackElo "1000"]
[PlyCount "59"]
[EventDate "2020.10.01"]
[WhiteTeam "Rovers Athletic"]
[BlackTeam "Surrey Kings 4"]

1. d4 d5 2. c4 dxc4 3. Nf3 Bf5 4. Bf4 Nc6 5. Qa4 e5 6. Nxe5 Qxd4 7. Nxc6 Qxb2
8. Nd4+ Kd8 9. Nxf5 Qxa1 10. Qxc4 Qxb1+ 11. Kd2 Qxf5 12. Qxc7+ Ke8 13. Qxb7 Rc8
14. e4 Qxf4+ 15. Ke2 Qxe4+ 16. Qxe4+ Be7 17. Qa4+ Kd8 18. Qxa7 Rc1 19. Qb8+ Kd7
20. Qb7+ Ke8 21. Qb2 Bg5 22. Qxg7 Rc2+ 23. Kd1 Rxa2 24. Qxh8 Rxf2 25. Qxg8+ Ke7
26. Qxg5+ Ke6 27. Bc4+ Kd6 28. Qd5+ Ke7 29. Qc5+ Kf6 30. Qxf2+ 1-0

[Event "Junior Online 4NCL Division 4"]
[Site "online"]
[Date "2020.10.01"]
[Round "4.177"]
[White "Saraty, Thomas"]
[Black "Evans, Dylan"]
[Result "0-1"]
[WhiteElo "962"]
[BlackElo "1090"]
[PlyCount "68"]
[EventDate "2020.10.01"]
[WhiteTeam "Surrey Kings 4"]
[BlackTeam "Rovers Athletic"]

1. e4 c6 2. Nf3 d5 3. exd5 cxd5 4. Nc3 Nc6 5. Bb5 a6 6. Bxc6+ bxc6 7. b3 Nf6 8.
Bb2 d4 9. Na4 g6 10. Bxd4 Bg4 11. Bxf6 exf6 12. Ng1 Bxd1 13. Kxd1 Qd5 14. Nc3
Qxg2 15. Nce2 Qxh1 16. Ng3 Qxg1+ 17. Ke2 Qxa1 18. Kd3 Qxa2 19. c3 Qxb3 20. Kd4
Rd8+ 21. Ke3 Qe6+ 22. Kf4 Qc4+ 23. Ke3 Qd3+ 24. Kf4 Qxd2+ 25. Kg4 Qxf2 26. Kh4
Qxh2+ 27. Kg4 f5+ 28. Kg5 h6+ 29. Kf6 Be7+ 30. Kg7 Kd7 31. Kxf7 Qxg3 32. Kg7
Rhg8+ 33. Kh7 Bf6 34. Kxh6 Qh3# 0-1

[Event "Junior Online 4NCL Division 4"]
[Site "online"]
[Date "2020.10.01"]
[Round "4.181"]
[White "Vinodh, Sampriti"]
[Black "Sukumar, Vishnu"]
[Result "0-1"]
[WhiteElo "103"]
[BlackElo "1000"]
[PlyCount "62"]
[EventDate "2020.10.01"]
[WhiteTeam "East Kilbride Elephants"]
[BlackTeam "Surbiton Juniors E"]

1. e4 e5 2. Bc4 Nf6 3. Nc3 Nc6 4. Nf3 Bc5 5. d3 Ng4 6. O-O Nxf2 7. Qe1 Nxd3+ 8.
Kh1 Nxe1 9. Rxe1 O-O 10. Bg5 Be7 11. Bxe7 Qxe7 12. Na4 Nb4 13. Rec1 Rb8 14. a3
b5 15. Bxb5 Rxb5 16. axb4 Qxb4 17. Nc3 Ra5 18. Nd5 Qxb2 19. Nxc7 Rxa1 20. Rxa1
Qxa1+ 21. Ng1 Qc3 22. Nd5 Qxc2 23. Nb4 Qxe4 24. h3 Qxb4 25. Nf3 Bb7 26. Nxe5
Qe4 27. Nf3 Rc8 28. Kh2 Qf4+ 29. Kg1 Bxf3 30. gxf3 Rc2 31. Kf1 Qc1# 0-1

[Event "Junior Online 4NCL Division 4"]
[Site "online"]
[Date "2020.10.01"]
[Round "4.184"]
[White "Ciais, Dimitri P"]
[Black "Pandey, Annie"]
[Result "0-1"]
[WhiteElo "827"]
[BlackElo "100"]
[PlyCount "76"]
[EventDate "2020.10.01"]
[WhiteTeam "Surbiton Juniors E"]
[BlackTeam "East Kilbride Elephants"]

1. e4 e5 2. Nf3 Nc6 3. Nc3 Nf6 4. Bc4 Bc5 5. Bxf7+ Kxf7 6. O-O d5 7. Ng5+ Ke8
8. exd5 Nxd5 9. Qg4 Bxg4 10. Nxd5 Qxd5 11. b3 e4 12. c4 Qxg5 13. d3 Bh3 14.
Bxg5 Bg4 15. Rae1 Kf7 16. Rxe4 Bf5 17. Rf4 Kg6 18. d4 Kxg5 19. Rf3 Bxd4 20. a4
Bc2 21. b4 Bxa4 22. b5 Nb4 23. Rf7 Kg6 24. Rxc7 a6 25. Rxb7 axb5 26. cxb5 Rab8
27. Rd7 Be5 28. Ra7 Bxb5 29. g4 Bxf1 30. h4 Bb5 31. Ra5 Bc6 32. Rxe5 Rhd8 33.
Rg5+ Kf7 34. Rh5 Rd1+ 35. Kh2 Rf8 36. Rxh7 Kg8 37. Rh5 Rxf2+ 38. Kh3 Rd3# 0-1

[Event "Junior Online 4NCL Division 4"]
[Site "online"]
[Date "2020.10.01"]
[Round "4.185"]
[White "Sukumar, Vishnu"]
[Black "Vinodh, Sampriti"]
[Result "1-0"]
[WhiteElo "1000"]
[BlackElo "103"]
[PlyCount "95"]
[EventDate "2020.10.01"]
[WhiteTeam "Surbiton Juniors E"]
[BlackTeam "East Kilbride Elephants"]

1. e4 e5 2. Nf3 Nc6 3. Nc3 Nf6 4. Bc4 Bc5 5. Ng5 Qe7 6. Nxf7 Rf8 7. Ng5 h6 8.
Nf3 d6 9. O-O Bg4 10. d3 Nd4 11. Nd5 Nxd5 12. Bxd5 Rb8 13. Qd2 Nxf3+ 14. gxf3
Bxf3 15. b4 Bb6 16. Bb2 Qg5+ 17. Qxg5 hxg5 18. Rad1 Rf4 19. Rfe1 Rg4+ 20. Kf1
Bxd1 21. Rxd1 Rf4 22. d4 Rxf2+ 23. Kxf2 exd4 24. Bxd4 Bxd4+ 25. Rxd4 c5 26.
bxc5 dxc5 27. Rd3 b6 28. Ke1 g4 29. Rg3 Kf8 30. Rxg4 Re8 31. Kd1 a5 32. Bc6 Rb8
33. e5 b5 34. e6 b4 35. Re4 Ra8 36. Bxa8 Ke8 37. e7 a4 38. Bc6+ Kf7 39. e8=Q+
Kf6 40. Bxa4 c4 41. Rxc4 b3 42. cxb3 g6 43. Re4 g5 44. Qf8+ Kg6 45. Be8+ Kh7
46. Re6 g4 47. Qf7+ Kh8 48. Rh6# 1-0

[Event "Junior Online 4NCL Division 4"]
[Site "online"]
[Date "2020.10.01"]
[Round "4.191"]
[White "Srinivasan, Gowri"]
[Black "Man, Felix"]
[Result "1-0"]
[WhiteElo "1262"]
[BlackElo "940"]
[PlyCount "69"]
[EventDate "2020.10.01"]
[WhiteTeam "May The Fork Be With You 4"]
[BlackTeam "Muswell Hill Primary"]

1. d4 Nf6 2. Nc3 d5 3. Nf3 Nc6 4. Bf4 Bf5 5. e3 Nb4 6. e4 Nxe4 7. Nh4 Nxc3 8.
bxc3 Nxc2+ 9. Ke2 Nxa1 10. Nxf5 e6 11. Ne3 Bd6 12. Bxd6 Qxd6 13. Qxa1 O-O 14.
g3 Rfe8 15. Bg2 c6 16. Rd1 e5 17. dxe5 Rxe5 18. Kf1 Qf6 19. Ng4 Qe6 20. Nxe5
Qxe5 21. Re1 Qh5 22. Kg1 Rb8 23. Re3 h6 24. Bf1 f5 25. c4 Rd8 26. Qd4 Qg5 27.
cxd5 Rxd5 28. Bc4 f4 29. Re8+ Kf7 30. Re5 Kf6 31. Rxd5+ Kg6 32. Rxg5+ Kxg5 33.
Qxg7+ Kh5 34. Be6 c5 35. Qg4# 1-0

[Event "Junior Online 4NCL Division 4"]
[Site "online"]
[Date "2020.10.01"]
[Round "4.192"]
[White "Bagshaw, Freddie"]
[Black "Barbier-Ramaiah, Rohan Theo"]
[Result "0-1"]
[WhiteElo "1000"]
[BlackElo "1180"]
[PlyCount "82"]
[EventDate "2020.10.01"]
[WhiteTeam "Muswell Hill Primary"]
[BlackTeam "May The Fork Be With You 4"]

1. e4 c5 2. Nf3 Nc6 3. Bc4 e5 4. d3 Be7 5. O-O Nf6 6. Ng5 O-O 7. Nc3 d6 8. Nd5
Be6 9. Nxe6 fxe6 10. Ne3 d5 11. Bb3 b5 12. c4 d4 13. cxb5 Nb4 14. Bxe6+ Kh8 15.
Nf5 Rb8 16. a4 Qa5 17. Nxe7 Rxb5 18. Bd7 Nxd7 19. Bd2 Qd8 20. axb5 Qxe7 21.
Rxa7 Qe6 22. Bxb4 cxb4 23. Ra6 Qe8 24. b6 Qb8 25. Ra4 Qxb6 26. Qb3 Nc5 27. Qxb4
Qxb4 28. Rxb4 Nxd3 29. Rb5 h6 30. f3 Rc8 31. Rb3 Nf4 32. g3 Nh3+ 33. Kg2 Ng5
34. h4 Ne6 35. g4 Nf4+ 36. Kg3 Rc2 37. Rf2 Rc1 38. Rb8+ Kh7 39. h5 Rg1+ 40. Kh4
Rh1+ 41. Kg3 Rh3# 0-1

[Event "Junior Online 4NCL Division 4"]
[Site "online"]
[Date "2020.10.01"]
[Round "4.193"]
[White "Patel, Amya Hetal"]
[Black "Shetty, Ahan"]
[Result "1-0"]
[WhiteElo "1247"]
[BlackElo "1000"]
[PlyCount "83"]
[EventDate "2020.10.01"]
[WhiteTeam "May The Fork Be With You 4"]
[BlackTeam "Muswell Hill Primary"]

1. e4 e5 2. Nf3 Nc6 3. Nc3 Nf6 4. Bb5 a6 5. Bxc6 bxc6 6. Nxe5 d5 7. Nxc6 Qd6 8.
Nd4 Nxe4 9. Nxe4 dxe4 10. c3 Qf6 11. O-O Qg6 12. Ne2 Bh3 13. Ng3 Bc8 14. Re1
Bg4 15. Qc2 Bf5 16. Nxf5 Qxf5 17. Rxe4+ Kd8 18. Re8+ Kxe8 19. Qxf5 Rd8 20. d4
c5 21. Be3 g6 22. Qe5+ Be7 23. Qxh8+ Kd7 24. Qxh7 cxd4 25. Bxd4 Ke6 26. Re1+
Kd6 27. Qxf7 Rd7 28. c4 Kc7 29. Rxe7 Rxe7 30. Qxe7+ Kc6 31. Qf6+ Kc7 32. Qxg6
Kb7 33. Qf7+ Kc6 34. Qd5+ Kc7 35. Qe6 Kb7 36. Qd6 Kc8 37. Qe7 Kb8 38. h4 Kc8
39. h5 Kb8 40. h6 Ka8 41. h7 Kb8 42. h8=Q# 1-0

[Event "Junior Online 4NCL Division 4"]
[Site "online"]
[Date "2020.10.01"]
[Round "4.194"]
[White "Gibbins, Finlay"]
[Black "Datta, Ishan"]
[Result "0-1"]
[WhiteElo "1000"]
[BlackElo "1165"]
[PlyCount "66"]
[EventDate "2020.10.01"]
[WhiteTeam "Muswell Hill Primary"]
[BlackTeam "May The Fork Be With You 4"]

1. e4 c6 2. Bc4 d5 3. Bd3 dxe4 4. Bxe4 e5 5. Bd3 Nf6 6. Bc4 Bf5 7. Nf3 Nbd7 8.
Ng5 Be6 9. Bxe6 fxe6 10. Nxe6 Qe7 11. Ng5 h6 12. Nh3 O-O-O 13. d3 Qc5 14. O-O
Ng4 15. Nd2 Be7 16. Ne4 Qd4 17. Qxg4 Kc7 18. c3 Qxd3 19. Bd2 g5 20. Qd1 Qxe4
21. Re1 Qg6 22. c4 g4 23. Nf4 exf4 24. Ba5+ b6 25. Bd2 f3 26. Bf4+ Kc8 27. gxf3
gxf3+ 28. Bg3 Bh4 29. Qa4 Bxg3 30. hxg3 Kb7 31. b4 Qh5 32. Kf1 Qh3+ 33. Kg1
Qg2# 0-1

[Event "Junior Online 4NCL Division 4"]
[Site "online"]
[Date "2020.10.01"]
[Round "4.195"]
[White "Man, Felix"]
[Black "Srinivasan, Gowri"]
[Result "1-0"]
[WhiteElo "940"]
[BlackElo "1262"]
[PlyCount "41"]
[EventDate "2020.10.01"]
[WhiteTeam "Muswell Hill Primary"]
[BlackTeam "May The Fork Be With You 4"]

1. e4 e5 2. Nf3 Nc6 3. Nc3 Nf6 4. b3 Bc5 5. Bc4 d6 6. h3 Bd7 7. O-O h5 8. Bb2
Ng4 9. Nh2 Nxh2 10. Kxh2 g5 11. Qf3 Rh7 12. Nd5 Rh6 13. Nb6 Rf6 14. Qxh5 Bxb6
15. g3 Qe7 16. Qh8+ Qf8 17. Qxf6 g4 18. f4 gxh3 19. fxe5 Ne7 20. Qxf7+ Qxf7 21.
Rxf7 1-0

[Event "Junior Online 4NCL Division 4"]
[Site "online"]
[Date "2020.10.01"]
[Round "4.196"]
[White "Barbier-Ramaiah, Rohan Theo"]
[Black "Bagshaw, Freddie"]
[Result "1-0"]
[WhiteElo "1180"]
[BlackElo "1000"]
[PlyCount "55"]
[EventDate "2020.10.01"]
[WhiteTeam "May The Fork Be With You 4"]
[BlackTeam "Muswell Hill Primary"]

1. d4 d5 2. c4 dxc4 3. e4 Nf6 4. Nc3 Bg4 5. f3 Bh5 6. Bxc4 Nc6 7. Nge2 Nb4 8.
Qa4+ Nc6 9. d5 Nxd5 10. exd5 Qd7 11. dxc6 bxc6 12. O-O e6 13. Nb5 Bc5+ 14. Kh1
a6 15. Bf4 Bd6 16. Nxd6+ cxd6 17. Nd4 e5 18. Rfe1 O-O 19. Bd5 exf4 20. Bxc6 Qd8
21. Bxa8 Qxa8 22. Qb3 Rb8 23. Qc3 Rc8 24. Qd3 Bg6 25. Qd2 a5 26. Qxf4 Rc4 27.
Qxd6 Qa7 28. Qd8# 1-0

[Event "Junior Online 4NCL Division 4"]
[Site "online"]
[Date "2020.10.01"]
[Round "4.197"]
[White "Shetty, Ahan"]
[Black "Patel, Amya Hetal"]
[Result "1-0"]
[WhiteElo "1000"]
[BlackElo "1247"]
[PlyCount "169"]
[EventDate "2020.10.01"]
[WhiteTeam "Muswell Hill Primary"]
[BlackTeam "May The Fork Be With You 4"]

1. e4 e6 2. Nf3 d5 3. Nc3 Nc6 4. d3 d4 5. Nb1 Nf6 6. Bg5 e5 7. Be2 Be7 8. O-O
O-O 9. Qd2 Bg4 10. h3 Bxf3 11. Bxf3 h6 12. Bh4 Bb4 13. c3 dxc3 14. Nxc3 Bxc3
15. Qxc3 a5 16. Qb3 a4 17. Qxb7 Ne7 18. Rfc1 Rb8 19. Qxc7 Qxc7 20. Rxc7 Ng6 21.
Bxf6 gxf6 22. Ra7 Rxb2 23. Rxa4 Rd2 24. Rb4 Rxd3 25. a4 Rfd8 26. a5 Nh4 27. Be2
Rd2 28. Bg4 Ra8 29. a6 Ng6 30. a7 Ne7 31. Rb8+ Rd8 32. Rxd8+ Rxd8 33. a8=Q Rxa8
34. Rxa8+ Kg7 35. Ra7 Ng6 36. Be6 Nf4 37. Bxf7 Ne2+ 38. Kf1 Nc3 39. Bd5+ Kg6
40. Bf7+ Kg5 41. Ra3 Nxe4 42. Re3 Nd2+ 43. Ke2 Nc4 44. Rg3+ Kf5 45. Rg6 Nd6 46.
g4+ Ke4 47. Rxf6 Nxf7 48. Rxf7 Kd4 49. Rh7 Kc3 50. Rxh6 Kb2 51. g5 Ka1 52. g6
Ka2 53. g7 Ka1 54. g8=Q Kb2 55. Rb6+ Kc3 56. Qg3+ Kd4 57. Qd3+ Kc5 58. Qb5+ Kd4
59. Rd6+ Ke4 60. Qd3+ Kf4 61. Qe3+ Kf5 62. Rd5 Ke6 63. Qxe5+ Kf7 64. Qd6 Kg8
65. Qg6+ Kf8 66. Rd8+ Ke7 67. Qe8+ Kf6 68. Rd6+ Kf5 69. Qe6+ Kf4 70. Qe5+ Kxe5
71. Ra6 Kf5 72. Rh6 Kg5 73. Rh8 Kg6 74. h4 Kg7 75. Ra8 Kh6 76. f4 Kh5 77. f5
Kxh4 78. f6 Kg5 79. f7 Kg6 80. f8=Q Kg5 81. Ra5+ Kg4 82. Qf3+ Kh4 83. Ra4+ Kg5
84. Rg4+ Kh6 85. Qh3# 1-0

[Event "Junior Online 4NCL Division 4"]
[Site "online"]
[Date "2020.10.01"]
[Round "4.198"]
[White "Datta, Ishan"]
[Black "Gibbins, Finlay"]
[Result "1/2-1/2"]
[WhiteElo "1165"]
[BlackElo "1000"]
[PlyCount "90"]
[EventDate "2020.10.01"]
[WhiteTeam "May The Fork Be With You 4"]
[BlackTeam "Muswell Hill Primary"]

1. d4 e6 2. c4 Nc6 3. d5 exd5 4. cxd5 Ne5 5. Nc3 Qh4 6. g3 Qb4 7. Bf4 Qxb2 8.
Ne4 Qb4+ 9. Bd2 Qb5 10. Bf4 Qb4+ 11. Nd2 Qc5 12. Bxe5 Qxd5 13. Bxc7 Qxh1 14.
Ngf3 Nf6 15. e4 Ng4 16. Qe2 Bb4 17. Qc4 a5 18. Ke2 Ra6 19. Bh3 Qxa1 20. Bxg4
Rc6 21. Qd5 Rxc7 22. Qe5+ Qxe5 23. Nxe5 O-O 24. Ndc4 b5 25. Nb6 Rc2+ 26. Kf3
Bc5 27. Nbxd7 Re8 28. h4 Rc3+ 29. Kg2 Bb7 30. Nxc5 Rxc5 31. Nd3 Bxe4+ 32. Kh3
Bxd3 33. Bd7 Bf5+ 34. Bxf5 Rxf5 35. Kg4 Rxf2 36. Kh5 Rxa2 37. g4 Re6 38. g5 b4
39. Kg4 Re4+ 40. Kh5 b3 41. g6 hxg6+ 42. Kg5 f6+ 43. Kxg6 Rxh4 44. Kf5 Rh5+ 45.
Kg6 Rb5 1/2-1/2

[Event "Junior Online 4NCL Division 4"]
[Site "online"]
[Date "2020.10.01"]
[Round "4.201"]
[White "Leustean, Maia"]
[Black "O'Donnell, Elliot"]
[Result "0-1"]
[WhiteElo "1105"]
[BlackElo "1247"]
[PlyCount "108"]
[EventDate "2020.10.01"]
[WhiteTeam "Tetherdown Bishops"]
[BlackTeam "Barnet Knights D"]

1. e4 c5 2. Nf3 Nc6 3. d4 cxd4 4. Nxd4 Nf6 5. Nxc6 bxc6 6. Nc3 d6 7. Bg5 e6 8.
e5 dxe5 9. Qxd8+ Kxd8 10. Bxf6+ gxf6 11. Ne4 Ke7 12. O-O-O Bh6+ 13. Kb1 Bd7 14.
Nc5 Rhd8 15. Nb7 Rdc8 16. Nc5 Be8 17. Ba6 Rd8 18. Rxd8 Rxd8 19. Nb7 Rd2 20. a3
Rxf2 21. g4 Rg2 22. h3 Bf4 23. Bf1 Rf2 24. Nc5 Rh2 25. Rg1 Be3 26. Rg3 Bxc5 27.
Rg2 Rxg2 28. Bxg2 Be3 29. b4 f5 30. gxf5 exf5 31. c4 f4 32. a4 a6 33. b5 cxb5
34. cxb5 axb5 35. axb5 Bxb5 36. Be4 Bd7 37. Bxh7 f5 38. Bg8 f3 39. Bc4 f2 40.
h4 Be6 41. Bb5 Bh6 42. h5 e4 43. Kc2 Bf7 44. Kd1 Bxh5+ 45. Be2 Bxe2+ 46. Kxe2
e3 47. Kf1 Kd6 48. Ke2 Kd5 49. Kf1 Kd4 50. Ke2 Kc3 51. Kf1 Kd2 52. Kg2 Ke2 53.
Kg3 Bf4+ 54. Kxf4 f1=Q+ 0-1

[Event "Junior Online 4NCL Division 4"]
[Site "online"]
[Date "2020.10.01"]
[Round "4.202"]
[White "Gardner, Zac"]
[Black "Bedretdinov, Rasul"]
[Result "0-1"]
[WhiteElo "1217"]
[BlackElo "917"]
[PlyCount "72"]
[EventDate "2020.10.01"]
[WhiteTeam "Barnet Knights D"]
[BlackTeam "Tetherdown Bishops"]

1. e4 e5 2. Nf3 Nc6 3. Bc4 Bc5 4. Nc3 Nf6 5. d3 h6 6. Be3 d6 7. h3 Bd7 8. a3 a5
9. O-O O-O 10. Nd5 Nxd5 11. exd5 Ne7 12. Qd2 Nf5 13. b4 Bb6 14. bxa5 Bxa5 15.
Qe2 Re8 16. Bd2 Nd4 17. Nxd4 exd4 18. Qd1 Bxd2 19. Qxd2 Qf6 20. a4 Qg6 21. Kh1
c6 22. dxc6 Bxc6 23. Rg1 Bxa4 24. Bd5 Bc6 25. Bxc6 bxc6 26. Qf4 c5 27. Rae1
Rab8 28. Rxe8+ Rxe8 29. Qd2 Re7 30. Qa5 Re8 31. Qb5 Re2 32. Qb8+ Kh7 33. Qb2
Rxf2 34. g3 Qf5 35. g4 Qf3+ 36. Rg2 Qxg2# 0-1